Здесь хорошо (Запис номер 357111)
[ съкратено ]
| 000 -Лидер | |
|---|---|
| Контролно поле с фиксирана дължина | 01229ncm a2200301 a 4500 |
| 003 - Код на организацията, давaща контролен номер | |
| Контролно поле | BLK |
| 005 - Дата и час на последна редакция | |
| Контролно поле | 20250127160905.0 |
| 008 - Елементи от данни с фиксирана дължина | |
| fixed length control field | 200403b bu ||||| |||| 00| 0 bu d |
| 040 ## - Източник на каталожния запис | |
| Идентификатор на билиотеката - собственик на записа | BLK |
| 041 ## - Код за език | |
| Код за езика на текст/звукозапис или на отделно заглавие | Руски |
| Код за езика КДБФ | Руски |
| 080 ## - УДК | |
| Текстов определител УДК | Камерна вок. муз. Песни, балади, арии, романси |
| УДК код - определител по УДК | 784.3 |
| УДК - код + определител | 784.3 |
| 100 ## - Редна дума - Автор | |
| R(LIN) | 274401 |
| Автор | Рахманинов, Сергей Василиевич |
| Авторска отговорност | първи автор |
| 139 ## - Редно поле | |
| Редна дума | Рахманинов, Сергей Василиевич |
| Авторски знак | Рах - Р 40 |
| 245 ## - Сведения за заглавието | |
| Заглавие | Здесь хорошо |
| Подзаглавни данни | Для высокого голоса в сопровождении фортепиано |
| Редно поле (дума) | Сергей Васильиевич Рахманинов; текст Г. Галина. |
| 257 ## - Страна на издаване | |
| Страна на създаване/издаване | СССР |
| 260 ## - Област на издателските данни | |
| 9 (RLIN) | 402764 |
| Място на издаване, разпространение и проч. | Москва |
| Име на издателя, разпространителя и проч. | Музыка |
| Година на издаване | 1964 |
| 300 ## - Физическа характеристика | |
| Страници | 4 с. |
| Размери/Мащаб | 29 см |
| 380 ## - Жанр | |
| Жанр | Изкуство |
| 650 #0 - Допълнително описание по предмет – тема | |
| 9 (RLIN) | 362760 |
| Основно описание – тема или топоним | Арии - за висок глас |
| 650 #7 - Допълнително описание по предмет – тема | |
| Основно описание – тема или топоним | Пиано - съпровод |
| Източник на редна или ключова дума | |
| 9 (RLIN) | 166264 |
| 653 #7 - Ключова дума – ненормативна | |
| 9 (RLIN) | 183324 |
| Ключова дума | висок глас |
| 653 #7 - Ключова дума – ненормативна | |
| 9 (RLIN) | 188624 |
| Ключова дума | клавирен съпровод |
| 852 ## - Местоположение | |
| Форматна сигнатура | Цб М ІІ 3819 |
| 999 ## - СИСТЕМНИ КОНТРОЛНИ НОМЕРА | |
| Koha biblionumber | 357111 |
| Koha biblioitemnumber | 357111 |
| 942 ## - АРТИКУЛИ | |
| Вид на библиотечния материал | Нотни издания |
| Скрит в OPAC | Не |
| Периодичен библиозапис | Да |
| 944 ## - СЪЗДАВАНЕ И РЕДАКЦИЯ на ЗАПИСА | |
| Дата на регистрацията/редакция | 2020-04-03 |
| Служител, извършил регистрацията/редакцията | 30560 |
| Статус, дата на статуса | Геновева Генчева |
| 999 ## - СИСТЕМНИ КОНТРОЛНИ НОМЕРА | |
| Koha biblioitemnumber | 357111 |
| 999 ## - СИСТЕМНИ КОНТРОЛНИ НОМЕРА | |
| Koha biblioitemnumber | 351031 |
| Код за отписване | Код за изгубен артикул | Източник на класификационната схема | Код за повреда | Коз за рестрикции | Код за отдаване | Артикулен № | Име на библиотеката - собственик | Име на библиотеката, в която се намира в момента | Статус (Текущо местоположение) | Дата на вписване в системата | Местоположение - отдел | Цена в лева | Инвентарен номер | Систематично азбучна сигнатура | Баркод | Цена в евро | Служебен тип на артикула |
|---|---|---|---|---|---|---|---|---|---|---|---|---|---|---|---|---|---|
| Не е изгубен | Universal Decimal Classification | Не е повреден | само за читалня | ползва се в читалня | 767171 | Регионална библиотека "Любен Каравелов" Русе | Регионална библиотека "Любен Каравелов" Русе | Хранилище | 2020-05-06 | Хранилище | 0.04 | 2096/65 | Цб М II 3819 | 900000006870 | 0.02 | Нотни издания |